Applied regression analysis and other multivariable methods /

Bibliographic Details
Other Authors: Kleinbaum, David G.
Format: Book
Language:English
Published: Belmont, Calif. : Thomson Brooks/Cole Publishing, [2008]
Edition:4th ed.
Series:Duxbury applied series.
Subjects:

MARC

Tag First Indicator Second Indicator Subfields
LEADER 00000cam a2200000Ia 4500
001 in00002248021
005 20151105060333.0
008 070503s2008 caua b 001 0 eng
010 |a  2006940618 
020 |a 9780495384960 
020 |a 0495384968 
035 |a (OCoLC)ocn123955741 
035 |a (OCoLC)123955741 
040 |a TPH  |c TPH  |d BAKER  |d UtOrBLW 
049 |a TXAM 
050 0 0 |a QA278  |b .A665 2008 
082 0 0 |a 519.5/36  |2 21 
084 |a 31.73  |2 bcl 
096 |a QA 278 K58 2008 
245 0 0 |a Applied regression analysis and other multivariable methods /  |c David G. Kleinbaum [and others]. 
250 |a 4th ed. 
264 1 |a Belmont, Calif. :  |b Thomson Brooks/Cole Publishing,  |c [2008] 
264 4 |c ©2008 
300 |a xxi, 906 pages :  |b illustrations ;  |c 25 cm. 
336 |a text  |b txt  |2 rdacontent 
337 |a unmediated  |b n  |2 rdamedia 
338 |a volume  |b nc  |2 rdacarrier 
490 1 |a Duxbury applied series 
504 |a Includes bibliographical references and index. 
650 0 |a Multivariate analysis. 
650 0 |a Regression analysis. 
650 1 2 |a Regression Analysis. 
650 1 2 |a Multivariate Analysis. 
700 1 |a Kleinbaum, David G. 
830 0 |a Duxbury applied series. 
938 |a Baker & Taylor  |b BKTY  |c 153.95  |d 153.95  |i 0495384968  |n 0007004223  |s active 
945 |a PromptCat  |b 174748 
946 |a stk 
947 |a A14836211848 
948 |a cataloged  |b h  |c 2007/7/12  |d c  |e dmartine  |f 4:12:38 pm 
994 |a 92  |b TXA 
944 |a stk  |h REPL<3666753>REP-SAME<>REF<GWan>  |m Replacement on order 
999 |a MARS 
999 f f |s b409bd9c-5eaf-38e0-af07-e0ffafe0b468  |i 9e6c60fd-467a-3e61-97eb-91df5f379baf  |t 0 
952 f f |p normal  |a Texas A&M University  |b College Station  |c Sterling C. Evans Library  |d Evans: Library Stacks  |t 0  |e QA278 .A665 2008  |h Library of Congress classification  |i unmediated -- volume  |m A14834307229 
998 f f |a QA278 .A665 2008  |t 0  |l Evans: Library Stacks